000 00598nam a2200205 a 4500
001 47301
003 BD-RjUL
005 20211209054306.0
008 160808s1975 II ||||| |b|| 001 0 eng d
035 _a(BD-RjUL)47420
040 _aBD-RjUL
_beng
_cBD-RjUL
041 _aeng
082 _223
_a354.54
_bSHP 1976
100 1 _aSharma, M.P.
_9143970
245 1 0 _aPublic adminstration in theory and practice /
_cM.P. Sharma
260 _aKalcutta :
_bK.P. Bagchi & co.,
_c1976
300 _axii, 700 p. :
_bill. ;
_c23 cm.
650 _aPublic administration --
_vTheory
_9143971
942 _2ddc
_cBK
999 _c47301
_d47301